Diseño y construcción de una Máquina Sliter para optimizar el producto terminado en la Empresa Plásticos Modernos, S.A
Presenta el diseño y construcción de una máquina Sliter (cortadora y rebobinadora), en el diseño de la máquina se le concede mayor relevancia, a la forma, rigidez y sencillez de la estructura, ya que, es deseable que absorba las vibraciones, logrando así la calidad del producto final. Además,...
| Main Authors: | , |
|---|---|
| Other Authors: | |
| Format: | Tesis Section = Libro |
| Language: | Undetermined Spanish |
| Published: |
Managua
UNI
1999
|
| Subjects: |
| LEADER | 01264nam a2200241Ia 4500 | ||
|---|---|---|---|
| 008 | 240830s9999 xx 000 0 und d | ||
| 040 | |a BIBLIOTECA-RUPAP MON 621.815 S211 | ||
| 041 | |a spa | ||
| 082 | |a MON 621.815 S211 | ||
| 100 | 1 | |a Sánchez Cerda, Eduardo José | |
| 100 | 1 | |b Bustos Ibarra, César Augusto | |
| 245 | 1 | 0 | |a Diseño y construcción de una Máquina Sliter para optimizar el producto terminado en la Empresa Plásticos Modernos, S.A |
| 260 | |a Managua |b UNI |c 1999 | ||
| 300 | |a 219 p. :il. | ||
| 500 | |a Contiene: anexos, planos, y cartas técnicas | ||
| 502 | |a Tesis (Ingeniero Mecánico)- UNI, 1999. | ||
| 520 | 3 | |a Presenta el diseño y construcción de una máquina Sliter (cortadora y rebobinadora), en el diseño de la máquina se le concede mayor relevancia, a la forma, rigidez y sencillez de la estructura, ya que, es deseable que absorba las vibraciones, logrando así la calidad del producto final. Además, en el diseño los mandos, indicadores e interruptores son colocados el uno cerca del otro para facilidad de operación de parte del operador. | |
| 650 | 7 | |a MAQUINARIA – DISEÑO | |
| 650 | 7 | |b MAQUINARIA – MODELO | |
| 700 | 1 | |a Tutor: |b Torres Briones, Roberto | |
| 942 | |c BK |2 ddc | ||
| 991 | |a TESIS | ||
| 999 | |c 15814 | ||